Sports Quiz

Random Sports or Baseball Quiz
Score 0/14 Timer 01:00
0 Plays Today
Games Played Team % Correct
224New York Yankees
98.9%
51Cincinnati Reds
93.7%
112St. Louis Cardinals
92.5%
107San Francisco Giants
90.2%
105Los Angeles Dodgers
89.7%
75Oakland Athletics
89.1%
67Boston Red Sox
87.4%
Games Played Team % Correct
47Pittsburgh Pirates
72.4%
56Chicago Cubs
70.1%
53Atlanta Braves
70.1%
64Detroit Tigers
69.5%
37Philadelphia Phillies
67.8%
39Baltimore Orioles
60.3%
40Minnesota Twins
54.6%
Remove Ads.
Support Sporcle.
Get the best of Sporcle when you Go Orange. This ad-free experience offers more features, more stats, and more fun while also helping to support Sporcle. Thank you for becoming a member.

You're not logged in!

Compare scores with friends on all Sporcle quizzes.
OR
Log In

Show Comments

Extras

Top Quizzes Today


Score Distribution

Your Account Isn't Verified!

In order to create a playlist on Sporcle, you need to verify the email address you used during registration. Go to your Sporcle Settings to finish the process.

Report this User

Report this user for behavior that violates our Community Guidelines.

Details: